000 00695cas a22002175a 4500
001 L129663
008 050509c2004 xxkqr p 0 a0eng u
035 _a(Sirsi) u129663
041 0 _aeng
110 2 _aEversheds
_95261
245 0 0 _aReal Estate Briefing
260 _aLondon
_bEversheds
_c[2004]-
362 0 _aDecember 2004-
520 _aKept for one year
520 _aThis journal can also be viewed online at www.eversheds.com.
554 _aFour per year
651 4 _aEngland and Wales
_y1543-
690 _aPROPERTY
856 4 1 _uhttps://www.eversheds.com/uk/Home/News_room/Publications.page?
_zView Real Estate Briefing free of charge at www.eversheds.com...
942 _n0
999 _c118799
_d118799